[Event "Zonal 2.3 Absoluto 2022"]
[Site "San Pedro de Macoris"]
[Date "2022.03.21"]
[Round "2.2"]
[White "Guzman, Christopher"]
[Black "Ortiz Suarez, Isan Reynaldo"]
[Result "*"]
[WhiteElo "2230"]
[BlackElo "2531"]
[Annotator "TA"]
[PlyCount "170"]
[EventDate "2022.03.20"]
[EventCountry "DOM"]
[SourceTitle "playchess.com"]
[Source "ChessBase"]
[SourceQuality "1"]

{[%evp 9,170,17,13,0,0,0,37,29,29,0,0,-5,0,-10,-7,-37,22,-42,-40,-37,-37,-34,-39,-29,-33,-21,-20,-30,-7,-40,-27,-29,-33,-34,6,0,0,0,78,67,88,83,63,58,43,0,0,0,0,-18,-2,-15,0,0,0,0,-11,-33,0,0,0,-22,0,0,2,0,0,-8,-9,-41,-23,-24,-29,-40,-4,-64,-13,-158,-19,-25,-16,-17,-21,-37,0,-10,0,-7,33,-25,-23,-33,-49,-49,-28,-54,-44,-50,-39,-121,-135,-138,-90,-179,-122,-158,-128,-124,-127,-145,-112,-427,-409,-416,-402,-391,-387,-648,-644,-714,-709,-1187,-883,-12846,-12847,-12847,-41,-45,0,0,0,0,0,0,0,0,0,0,0,0,0,0,0,0,0,0,0,0,0,0,0,0,0,0,0,0,0,0,0,0,0,0,0]} 1. e4 c5 2. Nf3 d6 3. d4 cxd4 4. Nxd4 Nf6 5. Nc3 a6 6. h4 {B90: Sicilian Najdorf: Unusual White 6th moves, 6 Be3 Ng4 and 6 Be3 e5.} e5 7. Nb3 Be6 8. f4 {White is slightly better.} g6 {Inhibits f5.} 9. fxe5 (9. Be2 $5 {[%cal Rf4e5]}) 9... dxe5 10. Qxd8+ Kxd8 11. Bg5 Nbd7 12. O-O-O Kc7 {[#]} (12... Ke8 $15) 13. a3 $146 (13. Be2 $11) ({Predecessor:} 13. Be2 h6 14. Nd5+ Bxd5 15. Bxf6 Nxf6 16. exd5 Ne4 17. h5 Be7 18. Rhf1 Rhf8 19. Bf3 {½-½ (43) Kobo,O (2449)-Tsvetkov,A (2358) Chess.com INT 2020}) 13... Ng4 $15 {Strongly threatening ...f6.} 14. Re1 f6 15. Bd2 h5 16. Be2 Rd8 17. Rhf1 Be7 18. g3 Nb6 19. Bxg4 hxg4 (19... Bxg4 20. Be3 $11) 20. Be3 Nc4 21. Bc5 Nd6 22. a4 b6 23. Ba3 Rhf8 (23... Kd7 $1 $11 {keeps the balance.}) 24. a5 $1 $16 Nc8 25. axb6+ Kxb6 {[#]} 26. Nc5 $1 Bc4 (26... Bxc5 $2 27. Na4+ Kc6 28. Nxc5 $18 (28. Bxc5 Rf7 $16)) 27. Rf2 Kc6 $1 $11 (27... Bxc5 $2 28. Na4+ Kc6 29. Nxc5 $18 (29. Bxc5 Rf7 $16)) 28. N3a4 Rf7 29. Re3 Bf8 {White must now prevent ...Bh6.} 30. Re1 $1 Bb5 {next ...Nd6 is good for Black. A strong pair of Bishops.} 31. Ne6 {[%csl LRd8,LRf8]} Bh6+ 32. Kb1 {Dancing on a razor blade.} Re8 ({Resist} 32... Rd2 33. Rxd2 Bxd2 34. Nd8+ (34. Rd1 Rd7 $11) 34... Kc7 35. Rd1 Kxd8 36. Nc5 $14 (36. Rxd2+ Rd7 $11)) 33. Nec5 {[%cal Oc2c4]} Bf8 34. Re3 Nd6 {[%cal Bc8d6,Bd6b5,Bb5d4,Bd4f3][%mdl 32]} 35. b3 Bxa4 36. Nxa4 (36. bxa4 $2 Nc4 37. Rc3 Nxa3+ 38. Kc1 Bxc5 $19) 36... Nb5 37. Bb2 Bd6 38. Re1 Nd4 39. Nc3 Nf3 40. Rh1 f5 41. Rg2 Bc5 42. Rd1 (42. Bc1 $11) 42... Bd4 (42... Rd7 $15) 43. Ne2 (43. Na4 $11) 43... Bb6 (43... fxe4 $17 {And now ...e3 would win.} 44. Nc3 e3) 44. Nc3 Rd8 45. Rxd8 Bxd8 46. Nd5 Bb6 47. c4 Bc5 48. Bc3 Rb7 49. Ka2 (49. b4 $14) 49... a5 50. h5 gxh5 51. exf5 Bb4 (51... Bd6 $5 {[%cal Rf3d4]}) 52. Bb2 Rf7 53. f6 Kd6 54. Re2 {[#]} ({White should play} 54. Bc3 $15) 54... Ke6 $1 $17 55. Kb1 Kf5 (55... Rh7 $142 56. Kc2 h4 57. gxh4 Rxh4) 56. Kc2 (56. Rg2 $17) 56... Rb7 ({Black should try} 56... Bc5 $19 57. Ba1 h4 58. gxh4 g3) 57. Ba1 Bc5 58. Bc3 h4 59. gxh4 {[#]} g3 $1 60. Ne3+ $2 {[%mdl 8192]} (60. Rg2 $17 {is more resistant.} Kg4 61. Bxa5) 60... Bxe3 $19 61. Rxe3 {[%mdl 4096] Endgame KRB-KRN} Kf4 62. Re2 Rf7 63. Kc1 $2 (63. c5 Rxf6 64. Bb2 (64. Kd3 $2 Rg6 $19)) 63... Rxf6 64. Bxa5 Nd4 65. Bd2+ Kg4 66. Rxe5 Nxb3+ 67. Kc2 Nd4+ $2 (67... Nxd2 $19 68. Kxd2 g2 69. Rg5+ Kf3) 68. Kd3 $15 Nf3 (68... Nf5 $1 $15 69. Re4+ Kh3) 69. Re4+ $1 $11 {The position is equal.} Kh3 70. Be3 g2 71. c5 Nxh4 {...Rf3 is the strong threat.} 72. Kc4 Nf5 73. Bg1 Ng3 74. Re8 Rf1 75. Rh8+ $1 Kg4 76. Rg8+ Kf3 77. Rf8+ $1 Ke4 78. Re8+ Kf5 79. Bd4 Rd1 {[%cal Od1d4] aiming for ...Rxd4+!} 80. Bf2 Rd2 81. Bg1 Rd1 82. Bf2 Rf1 83. Be3 Re1 (83... Kf6 $5 84. Rg8 Nf5 85. Bd4+ Nxd4 86. Rxg2 Ne6 $11) 84. Rf8+ Ke6 85. Bf2 {[%csl LRe1,LRg3]} Rc1+ {Whites escaped into a draw.  Weighted Error Value: White=0.29 (precise) /Black=0.18 (very precise)} *

[Event "Zonal 2.3 Absoluto 2022"]
[Site "San Pedro de Macoris"]
[Date "2022.03.21"]
[Round "2.3"]
[White "Barrientos, Sergio E"]
[Black "Christie, Joshua"]
[Result "1-0"]
[WhiteElo "2468"]
[BlackElo "2224"]
[Annotator "TA"]
[PlyCount "107"]
[EventDate "2022.03.20"]
[EventCountry "DOM"]
[SourceTitle "playchess.com"]
[Source "ChessBase"]
[SourceQuality "1"]

{[%evp 17,107,11,12,-29,-24,-24,-25,-25,-27,-22,-24,-31,-31,-49,-20,-19,-19,-22,-10,-37,-31,-33,0,-20,0,0,0,0,0,-6,107,98,77,48,28,30,50,37,61,54,52,44,251,248,235,162,174,165,158,157,274,269,675,634,565,391,892,850,811,789,1782,1690,6630,5628,3172,5957,5393,2706,29979,29980,1609,1235,1577,1579,1448,1205,6261,5990,1205,1141,6107,1174,6436,6102,6095,6079,5185,1021,5114,5110,1351,956]} 1. d4 Nf6 2. c4 e6 3. g3 Bb4+ 4. Bd2 Qe7 5. Bg2 O-O 6. Nf3 Bxd2+ 7. Nbxd2 d6 8. O-O e5 9. e4 Bg4 10. Qb3 {E11: Bogo-Indian.} (10. Qc2 $142) 10... Bxf3 $11 {[#]} 11. Bxf3 $146 ({Predecessor:} 11. Nxf3 c5 12. dxe5 dxe5 13. Nh4 g6 14. f4 Nc6 15. Rae1 Rad8 16. Qc3 Nd4 17. Kh1 Kg7 {½-½ (26) Drozdovskij,Y (2625)-Margvelashvili,G (2529) Konya 2010}) 11... Nc6 12. d5 {Black has an edge.} Nd4 13. Qd3 a5 {[%cal Ba7a5,Ba5a4,Ba4a3,Ba3b2][%mdl 32]} 14. Bg2 Nd7 15. Rae1 a4 16. f4 Nc5 {Pair of Knights!} 17. Qc3 Rfb8 18. fxe5 Qxe5 {[%cal Oa4a3]} 19. Kh1 f6 {[%cal Oa4a3]} 20. Rd1 {[%cal Be1d1,Bd1d4,Bd4d2,Bd2c2,Bc2c7][%mdl 32]} a3 21. Nb1 axb2 {And now ...Ne2 would win.} 22. Rxd4 Rxa2 23. Rd2 Na4 (23... b5 $11 {remains equal.}) 24. Qb3 Ra1 25. c5 (25. Kg1 $5 {[%cal Rc4c5]}) 25... b5 (25... dxc5 $2 26. d6+ Kh8 27. Rd5 cxd6 28. Rxe5 $18) 26. cxd6 cxd6 27. Rc2 Qd4 {Inhibits Qb4.} 28. h4 b4 29. Kh2 h6 $2 {[#] This costs Black the game.} (29... Qe5 $14) 30. Rc7 $1 $18 Qb6 ({Weaker is} 30... Nc5 31. Qc2 b3 32. Qe2 $14) 31. Rc6 Qd4 32. Rxd6 {Rc6 is the strong threat.} Nc5 33. Qf3 {aiming for Rc6.} Qd3 {[#]} (33... Nd3 $16 {might work better.} 34. Qd1 Qe3) 34. Rc6 $1 Qxb1 $2 (34... Qxf3 35. Bxf3 Nd3) 35. Rxb1 Rxb1 36. Qf2 Nd7 $2 (36... b3 37. d6 Nd7) 37. Qc2 Re1 38. Qxb2 b3 39. Bh3 Ne5 40. Rc8+ Rxc8 41. Bxc8 Re3 42. d6 Rd3 43. Be6+ Kh7 44. Bxb3 {Threatens to win with Bd5. White is clearly winning.} Rxd6 45. Bd5 {White wants to mate with Qb8.} Rd8 {Prevents Qb8.} 46. Kh3 h5 47. Qb7 Re8 48. Qc7 Rf8 49. Be6 Ra8 50. Bf5+ Kh8 51. Qd6 {Intending Qd1 and mate.} Re8 52. Qa6 {Black must now prevent Qb5.} Rd8 53. Qa5 {[%cal Ra5d8]} Rb8 {[#]} 54. Bg6 $1 {Weighted Error Value: White=0.14 (very precise) /Black=0.81} 1-0

[Event "Zonal 2.3 Absoluto 2022"]
[Site "San Pedro de Macoris"]
[Date "2022.03.21"]
[Round "2.4"]
[White "Herrera, Juan Sebastian"]
[Black "Cardoso Cardoso, Jose Gabriel"]
[Result "0-1"]
[WhiteElo "2218"]
[BlackElo "2461"]
[Annotator "TA"]
[PlyCount "42"]
[EventDate "2022.03.20"]
[EventCountry "DOM"]
[SourceTitle "playchess.com"]
[Source "ChessBase"]
[SourceQuality "1"]

{[%evp 13,42,20,12,0,0,0,0,0,0,0,0,0,52,7,25,0,0,0,0,0,0,0,0,-72,67,39,75,0,6,-580,-552]} 1. d4 {[%cal Bd2d4,Bd4d5][%mdl 32]} Nf6 2. c4 e6 3. Nc3 Bb4 4. f3 c5 5. d5 O-O 6. e4 d6 7. Nge2 b5 8. dxe6 {E20: Nimzo-Indian: 4 g3 and 4 f3.} (8. cxb5 exd5 9. exd5 Nbd7 $15) 8... Bxe6 9. Bf4 Bxc4 10. Qxd6 {The position is equal.} Qa5 11. a3 Na6 ({But not} 11... Bxe2 12. Bxe2 Bxc3+ 13. bxc3 $14) 12. Bg5 {[#]} Ne8 $146 (12... Bxe2 $11 13. Bxf6 (13. Bxe2 c4 $11) 13... gxf6 14. Bxe2 Bxc3+ 15. bxc3 Qxc3+ 16. Kf2 Qd4+ 17. Qxd4 cxd4) ({Predecessor:} 12... Bxe2 13. Bxf6 gxf6 14. Bxe2 Bxc3+ 15. bxc3 Qxc3+ 16. Kf2 Rad8 17. Qxa6 {½-½ (17) Ivec,I (2368)-De Blasio,A (2399) ICCF email 2019}) 13. Qg3 (13. Qd1 $14 Bxc3+ 14. Nxc3 Bxf1 15. Kxf1) 13... f5 14. exf5 (14. Kf2 {feels hotter.} Bxe2 15. Bxe2 Bxc3 16. bxc3 fxe4 17. Rhd1) 14... Rxf5 15. Rd1 Bxa3 16. bxa3 {Kf2 is the strong threat.} Bxe2 17. Bxe2 Qxc3+ 18. Kf2 (18. Bd2 $1 $11 {remains equal.} Qb2 19. Bc1 Qc3+ 20. Bd2) 18... Nf6 ({Don't play} 18... Qxa3 19. Ra1 Qb2 20. Rxa6 $16) (18... c4 $1 $17 {aiming for ...Nc5.} 19. Qg4 Re5) 19. Bxf6 $14 Rxf6 {[#]} 20. Rd7 (20. Rhe1 $1 $16) 20... Re6 $11 {Hoping for ...Qe3+.} 21. Rhd1 $2 {[%mdl 8192] [#]} (21. Qf4 $11 {and White is okay.} Kh8 22. Qc1) 21... Qe3+ $1 {Weighted Error Value: White=0.64/Black=0.31} 0-1

[Event "Zonal 2.3 Absoluto 2022"]
[Site "San Pedro de Macoris"]
[Date "2022.03.21"]
[Round "2.5"]
[White "Avila Pavas, Santiago"]
[Black "Polanco Nunez, Yoel Estarling"]
[Result "1-0"]
[WhiteElo "2450"]
[BlackElo "2206"]
[Annotator "TA"]
[PlyCount "71"]
[EventDate "2022.03.20"]
[EventCountry "DOM"]
[SourceTitle "playchess.com"]
[Source "ChessBase"]
[SourceQuality "1"]

{[%evp 12,71,37,11,47,35,61,58,59,54,66,48,58,50,75,47,47,53,48,24,48,38,37,35,37,28,29,26,30,13,63,62,64,57,58,52,29,50,76,83,88,79,89,99,106,90,117,107,214,197,207,203,268,258,449,449,430,435,438,422,366,329]} 1. e4 e5 2. Nf3 Nc6 3. Bc4 Nf6 4. d3 Be7 5. O-O O-O 6. c3 d6 7. Nbd2 {7.Re1 is becoming the main line.} Kh8 {C55: Two Knights: 4 d3, 4 d4 exd4 5 e5 and Max Lange Attack.} 8. Re1 Ng8 9. d4 Bg4 {White is slightly better.} 10. h3 Bh5 11. dxe5 Nxe5 12. Be2 {[#]} Nxf3+ $146 ({Predecessor:} 12... Bxf3 13. Nxf3 Qe8 14. Bf4 f5 15. Nxe5 dxe5 16. Bxe5 fxe4 17. Bg3 Rd8 18. Qc2 Bc5 {1-0 (39) Rodchenkov,S (2346)-Starosta,M (1910) Chess.com INT 2021}) 13. Nxf3 {[%cal Bd2f3,Bf3d4,Bd4f5][%mdl 32]} Nf6 14. Nd4 Bg6 15. Bf3 Nd7 16. g3 Re8 17. Bg2 h6 18. Nf5 Bf6 19. Be3 Ne5 {[%cal Od6d5]} 20. Qb3 Qc8 ({Better is} 20... a5 $11) 21. Rad1 $14 a5 22. a4 Rb8 23. Ba7 {Strongly threatening f4.} (23. f4 $5 {[%cal Rf4e5]} Nd7 24. Ba7 $16) 23... Ra8 24. Bd4 Rb8 25. Ne3 Nd7 26. Nd5 Bxd4 27. cxd4 Kg8 28. Nf4 {White is much more active.} Bh7 29. e5 {aiming for Bd5.} dxe5 {[#]} (29... Nf8 $16) 30. Bd5 $1 $18 Re7 31. dxe5 {Black must now prevent e6.} Nb6 32. e6 {[%cal Re6f7]} Nxd5 $2 (32... f6 33. Bf3 Qe8) 33. Nxd5 ({Not} 33. Qxd5 c6 34. exf7+ (34. Qxa5 fxe6 35. Qe5 Ra8 $16) 34... Rxf7 35. Qxa5 Qf5 $16) 33... Rxe6 34. Ne7+ Rxe7 35. Rxe7 Bg6 36. Rdd7 {Weighted Error Value: White=0.06 (flawless) /Black=0.22 (precise)} 1-0

[Event "Zonal 2.3 Absoluto 2022"]
[Site "San Pedro de Macoris"]
[Date "2022.03.21"]
[Round "2.6"]
[White "Camacho Campusano, David Daniel"]
[Black "Ibarra Chami, Luis Fernando"]
[Result "1-0"]
[WhiteElo "2205"]
[BlackElo "2451"]
[Annotator "TA"]
[PlyCount "131"]
[EventDate "2022.03.20"]
[EventCountry "DOM"]
[SourceTitle "playchess.com"]
[Source "ChessBase"]
[SourceQuality "1"]

{[%evp 13,131,32,36,22,18,10,29,22,24,25,37,39,35,23,97,14,14,20,17,21,16,19,20,26,32,31,32,0,0,-8,-19,-16,-6,-15,0,-25,0,0,0,14,37,34,87,90,142,166,159,120,145,69,149,125,118,23,22,18,10,37,55,8,418,404,353,358,749,545,4027,3733,1641,1615,1180,922,29959,29958,29957,29952,29951,5620,29951,29953,29965,29967,29967,29968,29969,29969,29969,29970,29970,29971,29972,29973,29972,29973,29972,29968,29968,29969,29969,29969,29975,29972,29975,29973,29975,29975,29975,29976,29978,29979,29979,29980,29980,29981,29981,29982,29982,29983,29982,29982]} 1. e4 c5 2. Nf3 Nc6 3. d4 cxd4 4. Nxd4 Nf6 5. Nc3 d6 6. Bg5 e6 7. Qd2 a6 8. Nxc6 {B66: Sicilian: Richter-Rauzer: 7...a6 8 0-0-0 h6.} bxc6 9. O-O-O {[%cal Oe4e5] Strongly threatening e5!} Be7 10. Bxf6 {White has an edge.} gxf6 11. Bc4 Bb7 {is currently scoring better than 11...Rb8.} 12. Bb3 Qa5 13. Rhe1 h5 (13... O-O-O $11) 14. Kb1 (14. f4 $1 $16) 14... O-O-O $11 {[#]} 15. Nd5 $146 ({Predecessor:} 15. f4 d5 16. exd5 cxd5 17. Qd4 Rhg8 18. g3 f5 19. Na4 Kb8 20. Re3 Rc8 21. a3 {0-1 (36) Vega Gutierrez,S (2385)-Santos Latasa,J (2639) Salamanca 2021}) 15... Qxd2 16. Nxe7+ Kd7 17. Rxd2 {[%cal Oe7f5]} Kxe7 18. h4 d5 19. exd5 cxd5 20. c3 {[%cal Bc2c3,Bc3d4,Bd4d5][%mdl 32]} d4 $1 21. Rxd4 Rxd4 22. cxd4 Bxg2 {[%mdl 4096] Endgame Threatening ...Rd8. KRB-KRB} 23. d5 {[%cal Rd5e6]} Bh3 24. a4 Rg8 25. Rc1 Rb8 26. Ka2 exd5 27. Bxd5 Bd7 (27... Be6 $14 28. Bxe6 fxe6) 28. Ka3 $16 Rb6 (28... a5 $142) 29. b4 Rd6 30. Rc5 {White is more active.} f5 {[#]} 31. b5 (31. Kb3 $1 $16) 31... axb5 (31... Be6 $1 $14 32. Bxe6 fxe6) 32. axb5 Be6 {[#]} 33. Bc6 ({White should play} 33. Bc4 $1 $16) 33... Rd3+ $11 34. Kb4 {aiming for Rc2.} Kd6 35. Rc3 {Prevents Rb3+.} Rd4+ 36. Ka5 {And now b6 would win.} Kc7 $2 {[%mdl 8192] This move loses the game for Black.} (36... Rxh4 $11 {and Black stays safe.} 37. Bf3 (37. b6 Rc4 $11) 37... Bd7) 37. Bf3+ Kb8 38. Kb6 {Bb7 is the strong threat.} ({Not} 38. Bxh5 Rxh4 39. Bf3 Rh3 $16) 38... Bd5 {Prevents Bb7.} (38... Rd2 39. Bb7 Bd7) 39. Bxh5 Rxh4 {[#]} 40. Rd3 $1 Rxh5 41. Rxd5 $18 {[%cal Rd5d8] KR-KR} Rh6+ 42. Kc5 Re6 43. Rxf5 f6 44. Kd5 Rb6 45. Ke4 (45. Kc4 $142 Kc7 46. Kc5 Re6 47. f4 Rd6 48. Rh5 Rd7 49. Rh6 Rd1 50. Rh7+ Kd8 51. Kc6 Rc1+ 52. Kd6) 45... Kc7 46. Rd5 {White mates.} Kc8 47. Kf5 Kc7 48. Kg6 Kc8 49. Kf7 Kc7 50. Ke7 Kc8 51. f4 Kc7 52. f5 Kc8 53. Rc5+ Kb7 54. Rc6 Rxb5 55. Rxf6 Kc7 56. Rf7 Rb2 57. Ke6+ Kd8 58. Ra7 Rb8 59. Kf7 Rb2 60. f6 {[%cal Bf5f6,Bf6f7][%mdl 32]} Rh2 61. Kg8 Rf2 62. Ra8+ Kd7 63. f7 Rg2+ 64. Kh7 Rh2+ 65. Kg6 Rg2+ 66. Kh5 {Weighted Error Value: White=0.14 (very precise) /Black=0.45} 1-0

[Event "Zonal 2.3 Absoluto 2022"]
[Site "San Pedro de Macoris"]
[Date "2022.03.21"]
[Round "2.7"]
[White "Sanchez Alvarez, Roberto Carlos"]
[Black "Argote Heredia, Valentina"]
[Result "1-0"]
[WhiteElo "2407"]
[BlackElo "2193"]
[Annotator "TA"]
[PlyCount "37"]
[EventDate "2022.03.20"]
[EventCountry "DOM"]
[SourceTitle "playchess.com"]
[Source "ChessBase"]
[SourceQuality "1"]

{[%evp 15,37,34,42,29,33,23,11,24,40,35,33,41,40,19,70,60,150,160,161,172,276,285,865,863]} 1. d4 d5 2. c4 dxc4 3. Nf3 Nf6 4. e3 e6 5. Bxc4 a6 6. O-O b5 7. Bd3 Bb7 8. a4 b4 9. Nbd2 {D26: Queen's Gambit Accepted: 4 e3 e6 5 Bxc5 c5 sidelines.} c5 {9...Nbd7 injects fresh life into this line.} 10. e4 {[%cal Be3e4,Be4e5][%mdl 32]} Nc6 11. e5 {The position is equal.} Nd5 12. Nc4 Nxd4 13. Nxd4 cxd4 {[#]} 14. a5 $146 ({Predecessor:} 14. Qg4 Nb6 15. Bg5 Qc7 16. Rac1 Nxc4 17. Bxc4 Qb6 18. a5 Qc6 19. Bb3 Qd7 20. Rfd1 h5 21. Qxd4 {1-0 (21) Jumabayev,R (2548)-Kananub,W (2169) Incheon 2013}) 14... Be7 ({Black should play} 14... Bc5 $11) 15. Qg4 $14 {[%csl LRd4,LRg7]} g6 {[#]} (15... Kf8 $14) 16. Bh6 $1 $16 {White is more active.} Rc8 17. Rfd1 ({But not} 17. Qxd4 $6 Bc5 18. Qe4 Rc7 $16) 17... Rc5 (17... Bf8 $142 18. Bxf8 Kxf8) 18. Qxd4 $18 {[%cal Oc4d6] Hoping for Nd6+!} Qb8 {Prevents Nd6+.} (18... Rg8 19. Rac1 Rc7) 19. Nd6+ {Weighted Error Value: White=0.05 (flawless) /Black=0.35} 1-0

[Event "Zonal 2.3 Absoluto 2022"]
[Site "San Pedro de Macoris"]
[Date "2022.03.22"]
[Round "3.1"]
[White "Valdes Romero, Leonardo"]
[Black "Albornoz Cabrera, Carlos Daniel"]
[Result "1/2-1/2"]
[WhiteElo "2404"]
[BlackElo "2567"]
[Annotator "TA"]
[PlyCount "31"]
[EventDate "2022.03.20"]
[EventCountry "DOM"]
[SourceTitle "playchess.com"]
[Source "ChessBase"]
[SourceQuality "1"]

{[%evp 11,18,17,10,0,0,0,0,0,-3]} 1. c4 Nf6 2. Nc3 e5 3. Nf3 Nc6 4. e3 Bb4 5. Qc2 Bxc3 6. Qxc3 Qe7 {The position is equal.} 7. d4 $1 {[%mdl 4] is more profitable than 7.a3 at the moment. A28: English Opening: Four Knights Variation.} Ne4 8. Qd3 exd4 9. Nxd4 O-O {[#] A rather calm draw.  Weighted Error Value: White=0.04 (flawless) /Black=0.00 (flawless)} {Predecessor:} 10. Be2 $146 Qb4+ 11. Kf1 Qe7 12. f3 f5 13. g3 d6 14. Kg2 Nc5 15. Qd2 a5 16. b3 {½-½ (56) Yakubboev,N (2598)-Sargsyan,S (2626) Tashkent 2021} 1/2-1/2

[Event "Zonal 2.3 Absoluto 2022"]
[Site "San Pedro de Macoris"]
[Date "2022.03.21"]
[Round "3.2"]
[White "Ortiz Suarez, Isan Reynaldo"]
[Black "Abreu Jean, Carlos Paul"]
[Result "1-0"]
[WhiteElo "2531"]
[BlackElo "2365"]
[Annotator "TA"]
[PlyCount "36"]
[EventDate "2022.03.20"]
[EventCountry "DOM"]
[SourceTitle "playchess.com"]
[Source "ChessBase"]
[SourceQuality "1"]

{[%evp 12,23,25,-7,4,-5,8,4,17,0,0,0,-2,27]} 1. e4 g6 2. d4 Bg7 3. Nc3 c6 4. Be3 d5 5. Qd2 dxe4 6. Nxe4 Nd7 {[%cal Bb8d7,Bd7f6,Bf6d5][%mdl 32] 6...Nf6 might become the main line.} 7. O-O-O Ngf6 {The position is equal. B15: Caro-Kann: 3 Nc3: 3...g6 and 3...dxe4 4 Nxe4 Nf6 5 Nxf6+ exf6.} 8. f3 {[%cal Bf2f3,Bf3e4,Be4e5][%mdl 32]} Nxe4 9. fxe4 Nf6 $1 10. e5 Nd5 11. Bh6 Bxh6 12. Qxh6 {[%mdl 32768] [#] A rather calm draw.  Weighted Error Value: White=0.11 (very precise) /Black=0.04 (flawless) . Loss on time!?} {Predecessor:} Qa5 $146 13. Bc4 Bf5 14. Bb3 O-O-O 15. Nf3 Kb8 16. Rhe1 c5 17. Qd2 Qc7 18. dxc5 Qxc5 {1-0 (47) Kaufman,R (2362)-Huang,P (2197) Richmond 2019} 1-0